Yes I'm A Mess Lyrics - Statistics

General Stats
  • This quiz has been taken 31 times
  • The average score is 215 of 318
Answer Stats
Answer % Correct
I
100%
i
100%
a
94%
S
94%
Yes
94%
an
89%
me
89%
my
89%
on
89%
with
89%
chest,
83%
chest
83%
got
83%
I'm
83%
mess
83%
mess,
83%
and
78%
And
78%
but
78%
it
78%
life.
78%
life
78%
so
78%
So
78%
to
78%
filling
72%
for
72%
leave
72%
like
72%
missed
72%
now,
72%
now
72%
start
72%
stress
72%
that
72%
up
72%
again,
67%
again
67%
at
67%
be
67%
calls.
67%
Could
67%
could
67%
house
67%
in
67%
might
67%
of
67%
somehow
67%
texts
67%
the
67%
three
67%
two
67%
Yeah,
67%
200
61%
all
61%
guess
61%
here
61%
job
61%
July,
61%
just
61%
off,
61%
pissed
61%
see
61%
talked
61%
won't
61%
you
61%
back
56%
Cheers
56%
cheers
56%
feels
56%
friends
56%
head,
56%
last
56%
night
56%
o'clock,
56%
spent
56%
this
56%
this,
56%
blowing
50%
myself
50%
2010s,
44%
2010s
44%
can
44%
comes
44%
guts
44%
hate
44%
when
44%
'cause
39%
front
39%
sun
39%
think
39%
took
39%
what
39%
from
33%
Delete
28%
every
28%
get
28%
I'll
28%
is,
28%
mine
28%
number
28%
pack
28%
phone
28%
shit
28%
should
28%
that's
28%
boss
22%
I've
22%
long
22%
new
22%
really
22%
run?
22%
shirts
22%
stink,
22%
tell
22%
done,
17%
fix
17%
Why
17%
No matching quizzes found
Score Distribution
Percent of People with Each Score
Percentile by Number Answered
Your Score History
You have not taken this quiz